<?xml version="1.0" encoding="UTF-8"?>
<record
    xmlns:xsi="http://www.w3.org/2001/XMLSchema-instance"
    xsi:schemaLocation="http://www.loc.gov/MARC21/slim http://www.loc.gov/standards/marcxml/schema/MARC21slim.xsd"
    xmlns="http://www.loc.gov/MARC21/slim">

  <leader>01172nam a22002417a 4500</leader>
  <controlfield tag="003">St Aloysius Coll</controlfield>
  <controlfield tag="005">20250620135530.0</controlfield>
  <controlfield tag="008">250620b        |||||||| |||| 00| 0 eng d</controlfield>
  <datafield tag="020" ind1=" " ind2=" ">
    <subfield code="a">9789353948450</subfield>
  </datafield>
  <datafield tag="040" ind1=" " ind2=" ">
    <subfield code="c">AL</subfield>
  </datafield>
  <datafield tag="041" ind1=" " ind2=" ">
    <subfield code="a">English</subfield>
  </datafield>
  <datafield tag="082" ind1=" " ind2=" ">
    <subfield code="2">23</subfield>
    <subfield code="a">547</subfield>
    <subfield code="b">BRUO</subfield>
  </datafield>
  <datafield tag="100" ind1=" " ind2=" ">
    <subfield code="a">Paula Yurkanis Bruice</subfield>
    <subfield code="9">215674</subfield>
  </datafield>
  <datafield tag="245" ind1=" " ind2=" ">
    <subfield code="a">Organic Chemistry</subfield>
  </datafield>
  <datafield tag="250" ind1=" " ind2=" ">
    <subfield code="a">8</subfield>
  </datafield>
  <datafield tag="260" ind1=" " ind2=" ">
    <subfield code="a">Noida</subfield>
    <subfield code="b">Pearson</subfield>
    <subfield code="c">2024</subfield>
  </datafield>
  <datafield tag="300" ind1=" " ind2=" ">
    <subfield code="a">163p.</subfield>
    <subfield code="b">PB</subfield>
    <subfield code="c">28x21.5cm.</subfield>
  </datafield>
  <datafield tag="365" ind1=" " ind2=" ">
    <subfield code="2">General</subfield>
    <subfield code="a">1453</subfield>
    <subfield code="b">&#x20B9;1072.00</subfield>
    <subfield code="c">&#x20B9;</subfield>
    <subfield code="d">&#x20B9;1340.00</subfield>
    <subfield code="e">20%</subfield>
    <subfield code="f">17/06/2025</subfield>
  </datafield>
  <datafield tag="520" ind1=" " ind2=" ">
    <subfield code="a">Remembering General Chemistry; Acids and Bases: Central to Understanding Organic Chemistry; An introduction to Organic Compounds Nomenclature, Physical Properties, and Structure; Electrophilic Addition Reactions, Stereochemistry and Electron Delocalization; Alkenes; The reactions of Alkenes; The Reactions of Alkynes an introduction to multistep Synthesis; Delocalized Electrons; Substitution and Elimination Reactions of ALKYL Halides; Reactions of Alcohols Ethers Epoxides Amines and Sulfur-Containing compounds</subfield>
  </datafield>
  <datafield tag="650" ind1=" " ind2=" ">
    <subfield code="2">Organic Chemistry</subfield>
    <subfield code="a">Chemistry</subfield>
    <subfield code="9">215675</subfield>
  </datafield>
  <datafield tag="700" ind1=" " ind2=" ">
    <subfield code="a">Bhattacharya Anupam</subfield>
    <subfield code="9">215676</subfield>
  </datafield>
  <datafield tag="942" ind1=" " ind2=" ">
    <subfield code="2">ddc</subfield>
    <subfield code="c">BK</subfield>
  </datafield>
  <datafield tag="999" ind1=" " ind2=" ">
    <subfield code="c">234506</subfield>
    <subfield code="d">234506</subfield>
  </datafield>
  <datafield tag="952" ind1=" " ind2=" ">
    <subfield code="0">0</subfield>
    <subfield code="1">0</subfield>
    <subfield code="2">ddc</subfield>
    <subfield code="4">0</subfield>
    <subfield code="7">0</subfield>
    <subfield code="8">GC</subfield>
    <subfield code="a">SACPG</subfield>
    <subfield code="b">SACPG</subfield>
    <subfield code="d">2025-06-18</subfield>
    <subfield code="e">Biblios Book Point</subfield>
    <subfield code="g">1072.00</subfield>
    <subfield code="l">0</subfield>
    <subfield code="o">547 BRUO</subfield>
    <subfield code="p">PG025029</subfield>
    <subfield code="r">2025-06-20 14:01:39</subfield>
    <subfield code="v">1340.00</subfield>
    <subfield code="w">0000-00-00</subfield>
    <subfield code="y">BK</subfield>
  </datafield>
</record>
